Sports Quiz

Random Sports or NBA Quiz

40 points, 10 rebounds, 10 assists Quiz Stats

 Plays Quiz not verified by Sporcle

Score 0/7 Timer 03:00
0 Plays Today
Number of times done Name of player % Correct
3Lebron James
94.3%
3Michael Jordan
89.8%
2Larry Bird
62.1%
1Tracy Mcgrady
36.4%
1Vince Carter
35.6%
1Chris Webber
16.7%
1Michael Adams
3%

You're not logged in!

Compare scores with friends on all Sporcle quizzes.
OR
Log In

Show Comments

Extras

Top Quizzes Today


Score Distribution

Your Account Isn't Verified!

In order to create a playlist on Sporcle, you need to verify the email address you used during registration. Go to your Sporcle Settings to finish the process.

Report this User

Report this user for behavior that violates our Community Guidelines.

Details: